La vida en la américa del norte /

Guardado en:
Autor Principal: Rousiers, Pablo de
Formato: Libro
Publicado: Barcelona : Montaner y Sim¢n, 1899
Materias:
Etiquetas: Agregar Etiqueta
Sin Etiquetas, Sea el primero en etiquetar este registro!
LEADER 00470nam a22001695a 4500
001 CEM.cems005633
005 20060221000000.0
008 130507s1899##################000#0#####d
003 CEMS
082 0 4 |a 970 
100 1 |a Rousiers, Pablo de 
245 1 0 |a La vida en la américa del norte / 
260 |a Barcelona :  |b Montaner y Sim¢n,  |c 1899 
300 |a 329 p. 
653 |a America del norte 
653 |a Historia 
859 |a CEMS  |b BIB. CEMS - 11 de abril  |h 970  |i R763/II  |p 10711.81  |t Ej.1